Boston Celtics 2017-18 Roster - Statistics

General Stats
  • This quiz has been taken 92 times
    81 since last reset
  • The average score is 9 of 17
Answer Stats
Position Player % Correct
Wings Jayson Tatum
99%
Wings Jaylen Brown
97%
Ball-handlers Kyrie Irving
93%
Bigs Al Horford
84%
Ball-handlers Marcus Smart
83%
Wings Gordon Hayward
72%
Ball-handlers Terry Rozier
68%
Bigs Aron Baynes
57%
Wings Marcus Morris
53%
Bigs Daniel Theis
47%
Bigs Guerschon Yabusele
27%
Bigs Semi Ojeleye
24%
Ball-handlers Shane Larkin
24%
Ball-handlers Jabari Bird
17%
Wings Abdel Nader
16%
Wings Kadeem Allen
16%
Bigs Greg Monroe
1%
No matching quizzes found
Score Distribution
Percent of People with Each Score
Percentile by Number Answered
Your Score History
You have not taken this quiz since the last reset